00839nam a2200157 a 450000500170000000800410001704000270005804100080008504400070009324500850010026003310018530000670051665000190058365000280060265000510063020160729020003.0160727t2010 ck ab|||r|||| 00| 0 spa d aCO-BoIAVH cCO-BoIAVH 0 aspa ack00aColombian birds : bColombia boasts the largest diversity of birds in the world  aBogotá, Colombia :bMinisterio de Comercio Industria y Turismo de Colombia : bInstituto de Investigación de Recursos Biológicos Alexander von Humboldt : bMinisterio de Ambiente, Vivienda y Desarrollo Territorial : bParques Nacionales Naturales de Colombia : bFundación alas de cristal :bProexport Colombia,c2010. a1 plegable : bilustraciones a color y un mapa : c24 x 17 cm.26aAveszColombia26aAvesxHabitatzColombia26aAvesvilustracionesxclasificaciónzColombia